000 01732nam a2200301Ia 4500
999 _c37744
_d37744
001 3720
003 GE_BSU
005 20190627195103.0
008 181216s2012||||ge |||||||||||||| ||geo||
040 _cGE_BSU
041 _ageo
080 _a338.48(063) მ–45
245 _aმდგრადი ტურიზმი :
_bIII საერთაშორისო სამეცნ.-პრაქტ. კონფერენცია, 2-3 ივნისი /
_cბათუმის შოთა რუსთაველის სახელმწ. უნ-ტი, ტურიზმის ფაკ-ტი, აჭარის არ ტურიზმისა და კურორტების დეპარტამენტი.
264 _aბათუმი,
_c2012.
300 _a393 გვ. ;
_b29 სმ.
504 _a ბიბლიოგრ. სტატიების ბოლოს
520 _aრეზ. ინგლ.
653 _aტურიზმის ეკონომიკა
653 _aსამეცნიერო-პრაქტიკული კონფერენციები
700 _aშენგელია, თეიმურაზ
_9814
700 _aმესხია, იაშა
_93017
700 _aყურაშვილი, გუგული
_93018
700 _aროსტიაშვილი, თამარ
_93019
700 _aსოსელია, მაია და სხვ.
_93020
710 _aბსუ
_bტურიზმის ფაკ-ტი
_93021
710 _aაჭარის არ ტურიზმისა და კურორტების დეპარტამენტი
_91536
942 _cBK
_2udc